LIVE WTA Top 100 (updated 14/09/23) - Statistics

General Stats
  • This quiz has been taken 328 times
    167 since last reset
  • The average score is 58 of 100
Answer Stats
Hint Country Answer % Correct
2 -1 Poland Iga Swiatek
100%
1 +1 Belarus Aryna Sabalenka
97%
3 +3 USA Coco Gauff
96%
9 -1 Greece Maria Sakkari
96%
7 -2 Tunisia Ons Jabeur
96%
4 - Kazakhstan Elena Rybakina
95%
20 -1 Brazil Beatriz Haddad Maia
93%
10 -3 France Caroline Garcia
91%
16 +5 Latvia Jelena Ostapenko
91%
5 -2 USA Jessica Pegula
89%
6 +3 Czech Republic Marketa Vondrousova
89%
15 -2 Switzerland Belinda Bencic
88%
25 +1 Ukraine Elina Svitolina
88%
23 -5 Belarus Victoria Azarenka
87%
29 +3 Belgium Elise Mertens
84%
11 +6 USA Madison Keys
83%
14 -3 Czech Republic Petra Kvitova
82%
13 -1 Czech Republic Barbora Krejcikova
78%
8 +2 Czech Republic Karolina Muchova
78%
22 +1 China Qinwen Zheng
78%
12 +2 Russia Daria Kasatkina
76%
34 -9 Czech Republic Karolina Pliskova
76%
96 +18 China Yafan Wang
76%
21 +1 Croatia Donna Vekic
75%
24 - Poland Magda Linette
75%
45 -6 Ukraine Marta Kostyuk
74%
39 +14 China Xinyu Wang
74%
91 +4 China Xiyu Wang
74%
74 -7 Canada Leylah Fernandez
72%
52 -4 Spain Paula Badosa
72%
37 - Croatia Petra Martic
72%
33 +2 Italy Jasmine Paolini
70%
19 +1 Russia Ekaterina Alexandrova
68%
17 -2 Russia Liudmila Samsonova
68%
32 +1 Egypt Mayar Sherif
68%
99 -20 France Alize Cornet
66%
43 -9 USA Danielle Collins
66%
64 -13 Canada Bianca Andreescu
64%
36 - USA Sloane Stephens
64%
26 +4 Romania Sorana Cirstea
64%
18 -2 Russia Veronika Kudermetova
64%
49 -6 Romania Irina-Camelia Begu
63%
67 +10 Poland Magdalena Frech
63%
88 -10 Kazakhstan Yulia Putintseva
62%
95 -1 Montenegro Danka Kovinic
61%
27 - Russia Anastasia Potapova
61%
28 - Ukraine Anhelina Kalinina
59%
56 -4 Italy Camila Giorgi
59%
75 -7 Colombia Camila Osorio
59%
54 -5 Czech Republic Katerina Siniakova
59%
47 -2 Netherlands Arantxa Rus
58%
77 +10 Denmark Clara Tauson
58%
51 +4 Spain Sara Sorribes Tormo
57%
31 -2 Italy Elisabetta Cocciaretto
55%
50 +11 Great Britain Katie Boulter
55%
30 +1 Czech Republic Marie Bouzkova
55%
40 +6 Ukraine Lesia Tsurenko
54%
35 +9 China Lin Zhu
54%
53 +5 Italy Martina Trevisan
54%
48 -1 Germany Tatjana Maria
53%
71 -1 Argentina Nadia Podoroska
50%
98 +1 Romania Jaqueline Cristian
49%
57 +6 Russia Mirra Andreeva
49%
41 - Czech Republic Linda Noskova
47%
89 -3 Sweden Rebecca Peterson
47%
68 -12 Czech Republic Linda Fruhvirtova
46%
42 -2 France Varvara Gracheva
46%
69 +28 Belgium Greet Minnen
45%
59 +14 USA Bernarda Pera
42%
93 +8 USA Sofia Kenin
42%
62 -2 Romania Ana Bogdan
41%
82 +16 Russia Anastasia Pavlyuchenkova
41%
66 -4 France Clara Burel
39%
90 -3 France Diane Parry
39%
73 -19 Austria Julia Grabher
39%
86 -4 Bulgaria Viktoriya Tomova
39%
72 +13 Belgium Yanina Wickmayer
39%
58 +6 Slovakia Anna Karolina Schmiedlova
38%
70 -1 USA Claire Liu
38%
60 +16 Italy Lucia Bronzetti
38%
81 - Japan Nao Hibino
38%
38 - Russia Anna Blinkova
37%
87 +31 Slovenia Tamara Zidansek
37%
83 +1 Russia Diana Shnaider
36%
46 -4 USA Alycia Parks
34%
85 +11 Great Britain Jodie Burrage
34%
65 +6 Spain Rebeka Masarova
34%
100 +2 Italy Lucrezia Stefanini
33%
92 -3 Russia Anna Kalinskaya
30%
79 -14 Spain Cristina Bucsa
29%
63 +3 Russia Elina Avanesyan
29%
61 -4 USA Emma Navarro
25%
97 -4 USA Kayla Day
25%
94 -4 Germany Anna-Lena Friedsam
24%
84 -1 Ukraine Kateryna Baindl
24%
44 +15 USA Peyton Stearns
24%
80 -6 USA Caty Mcnally
17%
78 -3 Germany Tamara Korpatsch
17%
55 -5 USA Lauren Davies
14%
76 -4 Russia Kamilla Rakhimova
13%
No matching quizzes found
Score Distribution
Percent of People with Each Score
Percentile by Number Answered
Your Score History
You have not taken this quiz since the last reset